Zriaďovanie a prevádzka výpočtových stredísk : Predpisy a normy

Uložené v:
Podrobná bibliografia
Hlavný autor: Horváth, Pavol (Autor)
Médium: Kniha
Vydavateľské údaje: Bratislava : SVŠT v Bratislave, 1982
Tagy: Pridať tag
Žiadne tagy, Buďte prvý, kto otaguje tento záznam!

MARC

LEADER 00000nam a22000003a 4500
001 stu292153
005 20150617230300.8
008 140623s--------xo----------------------d
040 |a STU  |b slo 
041 0
044 |a xo 
100 1 |a Horváth, Pavol  |4 aut  |u I100  |U FIIT Fakulta informatiky a informačných technológií  |T FIIT Ústav počítačových systémov a sietí  |U I100  |Y 178 
245 1 |a Zriaďovanie a prevádzka výpočtových stredísk :  |b Predpisy a normy 
260 |a Bratislava :  |b SVŠT v Bratislave,  |c 1982 
300 |a 98 s 
996 |c I*S442  |l II680  |s A  |a 24  |w stu292153_0001